[Event "London Chess Classic 2012"]
[Site "?"]
[Date "2012.12.10"]
[Round "9"]
[White "Carlsen, Magnus"]
[Black "Anand, Viswanathan"]
[Result "1/2-1/2"]
[WhiteElo "2843"]
[BlackElo "2780"]
[PlyCount "121"]
[EventDate "2012.??.??"]

1. e4 e5 2. Nf3 Nc6 3. Bb5 Nf6 4. d3 Bc5 5. Nc3 d6 6. Na4 Bb6 7. Nxb6 axb6 8.
c3 Bd7 9. Ba4 Ne7 10. Bc2 Ng6 11. h3 O-O 12. O-O h6 13. Re1 Re8 14. d4 Bc6 15.
dxe5 dxe5 16. Qxd8 Rexd8 17. g3 Nd7 18. Be3 Nc5 19. Nd2 Nf8 20. f3 Nfe6 21. h4
Bb5 22. a3 Rd7 23. b4 Nd3 24. Reb1 Ba4 25. Bxa4 Rxa4 26. Kf1 b5 27. Ke2 Ra6 28.
h5 c5 29. bxc5 Ndxc5 30. Rxb5 Na4 31. Rc1 Rc7 32. Nb1 f6 33. c4 b6 34. Rd5 Nac5
35. Rc2 Rc6 36. Rb2 Kh7 37. Rb4 g6 38. hxg6+ Kxg6 39. Rd2 h5 40. Nc3 Rxa3 41.
Nd5 Kf7 42. Nxb6 Nb3 43. Rd7+ Ke8 44. Rb7 Nbd4+ 45. Bxd4 Nxd4+ 46. Kd1 Kd8 47.
Rd7+ Ke8 48. Rb7 Kd8 49. Nd5 Ra1+ 50. Kd2 Ra2+ 51. Rb2 Rxb2+ 52. Rxb2 Nxf3+ 53.
Kd3 Ng5 54. Rb8+ Kd7 55. Rb7+ Kd6 56. Nxf6 Ra6 57. Ne8+ Kc5 58. Rc7+ Kb4 59.
Rb7+ Kc5 60. Rc7+ Kb4 61. Rb7+ 1/2-1/2

[Event "London Chess Classic 2012"]
[Site "?"]
[Date "2012.12.10"]
[Round "9"]
[White "Polgar, Judit"]
[Black "Aronian, Levon"]
[Result "1/2-1/2"]
[WhiteElo "2705"]
[BlackElo "2821"]
[PlyCount "67"]
[EventDate "2012.??.??"]

1. e4 e5 2. Nf3 Nc6 3. Bb5 a6 4. Ba4 Nf6 5. O-O Be7 6. Re1 b5 7. Bb3 O-O 8. c3
d5 9. exd5 Nxd5 10. Nxe5 Nxe5 11. Rxe5 c6 12. d3 Bd6 13. Re1 Bf5 14. Qf3 Qf6
15. Bxd5 cxd5 16. Bf4 Bxf4 17. Qxf4 d4 18. cxd4 Rad8 19. Nc3 Rxd4 20. Ne4 Bxe4
21. Qxf6 gxf6 22. Rxe4 Rxd3 23. a4 Rfd8 24. g3 R3d4 25. Rxd4 Rxd4 26. axb5 axb5
27. Re1 Rd2 28. b3 Rb2 29. Re3 Kg7 30. Rf3 f5 31. h3 Kf6 32. g4 Kg6 33. Rxf5
Rxb3 34. Kg2 1/2-1/2

[Event "AICF-AAI Cup 2012"]
[Site "New Delhi IND"]
[Date "2012.12.21"]
[Round "1"]
[White "Wojtaszek, R."]
[Black "Negi, P."]
[Result "1/2-1/2"]
[WhiteElo "2734"]
[BlackElo "2641"]
[PlyCount "99"]
[EventDate "2012.12.21"]

1. Nf3 Nf6 2. c4 g6 3. g3 Bg7 4. Bg2 d5 5. cxd5 Nxd5 6. d4 Nb6 7. Nc3 Nc6 8. e3
O-O 9. O-O Re8 10. a3 e5 11. d5 Na5 12. Qc2 c5 13. e4 c4 14. Bg5 f6 15. Be3 Nb3
16. Rae1 Bd7 17. Nd2 Nd4 18. Qd1 Qc7 19. f4 Nc8 20. Nf3 Nxf3+ 21. Bxf3 Nd6 22.
fxe5 fxe5 23. Bg4 Qc8 24. Bxd7 Qxd7 25. a4 b6 26. Kg2 Rf8 27. h3 Rxf1 28. Rxf1
Rf8 29. Rxf8+ Bxf8 30. Qc2 Qc7 31. Nb5 Nxb5 32. axb5 Bd6 33. Qc3 h5 34. Qc2 Kg7
35. Qc1 Bb4 36. Bg5 Kg8 37. Bf6 Kf7 38. Qf1 Ke8 39. Bg5 Be7 40. Bd2 Qc5 41. Bc3
Qe3 42. Qf3 Qxf3+ 43. Kxf3 Bd6 44. g4 Kf7 45. Kg3 Kg7 46. Bd2 Be7 47. Kf3 Kf7
48. Bc3 Bd6 49. Bd2 Bc5 50. Bc3 1/2-1/2

[Event "AICF-AAI Cup 2012"]
[Site "New Delhi IND"]
[Date "2012.12.21"]
[Round "1"]
[White "Alekseev, Evgeny"]
[Black "Korobov, A."]
[Result "1/2-1/2"]
[WhiteElo "2691"]
[BlackElo "2702"]
[PlyCount "83"]
[EventDate "2012.12.21"]

1. e4 c5 2. Nf3 d6 3. d4 cxd4 4. Qxd4 Nc6 5. Bb5 Bd7 6. Qd3 g6 7. c4 Bg7 8. O-O
Nf6 9. Nc3 O-O 10. h3 Rc8 11. Be3 a6 12. Bxc6 Bxc6 13. Nd4 Nd7 14. Rac1 Nc5 15.
Qc2 Ne6 16. Rfd1 Nxd4 17. Bxd4 Bh6 18. Ra1 Qa5 19. Qb3 b5 20. cxb5 axb5 21. Nd5
Rfe8 22. e5 dxe5 23. Bxe5 Qa4 24. Qxa4 bxa4 25. Nb6 Rcd8 26. Bc7 Rxd1+ 27. Rxd1
f5 28. Rd4 Bg7 29. Rc4 a3 30. bxa3 Be4 31. a4 Kf7 32. a5 Bd3 33. Rc1 Ba6 34.
Rc5 Ke6 35. Rc6+ Kf7 36. Rc5 Ke6 37. Rc6+ Kf7 38. Nc4 Ra8 39. Nb6 Re8 40. Rc5
Ke6 41. Rc6+ Kf7 42. Rc5 1/2-1/2

[Event "AICF-AAI Cup 2012"]
[Site "New Delhi IND"]
[Date "2012.12.21"]
[Round "1"]
[White "Gupta, Ab"]
[Black "Sasikiran, K."]
[Result "1/2-1/2"]
[WhiteElo "2662"]
[BlackElo "2676"]
[PlyCount "103"]
[EventDate "2012.12.21"]

1. d4 d5 2. c4 c6 3. Nf3 Nf6 4. Nc3 a6 5. e3 b5 6. b3 g6 7. Be2 Bg7 8. O-O O-O
9. Bb2 Nbd7 10. cxd5 cxd5 11. Ne1 Nb6 12. Nd3 Bf5 13. a4 Bxd3 14. Qxd3 b4 15.
Nb1 a5 16. Nd2 Nbd7 17. Rac1 Re8 18. Nf3 Ne4 19. Ne5 Nxe5 20. dxe5 e6 21. Rc6
Qd7 22. Rfc1 Nc3 23. Rd6 Qb7 24. f4 Bf8 25. Bxc3 Bxd6 26. Bd4 Be7 27. Qb5 Qxb5
28. axb5 Reb8 29. b6 Bd8 30. Rc6 Rb7 31. Kf2 Kg7 32. Rd6 Be7 33. Bb5 Rab8 34.
Rc6 Bd8 35. Ba6 Bxb6 36. Bxb7 Bxd4 37. Ba6 Bb6 38. Rc8 Rxc8 39. Bxc8 g5 40. f5
exf5 41. Bxf5 d4 42. exd4 Bxd4+ 43. Kf3 Bxe5 44. Kg4 Kf6 45. Bxh7 Bxh2 46. Bd3
Bf4 47. Bb5 Ke5 48. Kf3 f5 49. g4 Bd2 50. gxf5 Kxf5 51. Bd7+ Ke5 52. Bb5
1/2-1/2

[Event "AICF-AAI Cup 2012"]
[Site "New Delhi IND"]
[Date "2012.12.22"]
[Round "2"]
[White "Negi, P."]
[Black "Sasikiran, K."]
[Result "1-0"]
[WhiteElo "2641"]
[BlackElo "2676"]
[PlyCount "99"]
[EventDate "2012.12.21"]

1. e4 e5 2. Nf3 Nc6 3. Bb5 a6 4. Ba4 Nf6 5. O-O Be7 6. Re1 b5 7. Bb3 d6 8. c3
O-O 9. h3 Nb8 10. d4 Nbd7 11. Nbd2 Bb7 12. Bc2 Re8 13. Nf1 Bf8 14. Ng3 g6 15.
b3 Rc8 16. a4 c6 17. Bg5 Bg7 18. Qd2 Nf8 19. axb5 cxb5 20. d5 Qc7 21. c4 N8d7
22. Rec1 bxc4 23. bxc4 Nc5 24. Be3 Ra8 25. Bxc5 Qxc5 26. Ra5 Qc7 27. c5 dxc5
28. Ba4 Bf8 29. Bxe8 Rxe8 30. Ra2 Bc8 31. Qa5 Qb8 32. Nd2 h5 33. Ngf1 h4 34.
Ne3 Nh5 35. Rb1 Qd6 36. Ndc4 Qe7 37. Rb8 Nf4 38. Kh2 Nd3 39. d6 Qe6 40. Qc7 Nf4
41. Rd2 Nxg2 42. Kxg2 Qxh3+ 43. Kg1 Bg4 44. Rxe8 Bf3 45. Rxf8+ Kxf8 46. Qe7+
Kg8 47. Qe8+ Kh7 48. Qxf7+ Kh6 49. Nf5+ gxf5 50. Qf6+ 1-0

[Event "AICF-AAI Cup 2012"]
[Site "New Delhi IND"]
[Date "2012.12.22"]
[Round "2"]
[White "Korobov, A."]
[Black "Gupta, Ab"]
[Result "1/2-1/2"]
[WhiteElo "2702"]
[BlackElo "2662"]
[PlyCount "173"]
[EventDate "2012.12.21"]

1. d4 Nf6 2. c4 g6 3. Nc3 d5 4. Nf3 Bg7 5. Qb3 dxc4 6. Qxc4 O-O 7. e4 a6 8. e5
b5 9. Qb3 Nfd7 10. Ng5 Nb6 11. Be3 Nc6 12. Rd1 Na5 13. Qb4 Nbc4 14. Bc1 Bb7 15.
Nce4 h6 16. Nc5 hxg5 17. Nxb7 Nxb7 18. Bxc4 bxc4 19. Qxb7 c5 20. O-O cxd4 21.
Qe4 Qc7 22. Rxd4 Qxe5 23. Rxc4 Qxe4 24. Rxe4 Rfc8 25. Bxg5 Rc2 26. Ra4 Rxb2 27.
Bxe7 Re8 28. Bc5 Ree2 29. a3 Bf8 30. Be3 Ra2 31. Rxa6 Rxa3 32. Rc6 Rea2 33. g3
Ra8 34. Kg2 Re8 35. Kf3 Ra3 36. Kg4 Ra4+ 37. Kh3 Ra5 38. g4 Ra3 39. Kg2 Ra2 40.
Kf3 Ra3 41. h4 Bh6 42. g5 Bg7 43. Rd1 Ra4 44. Bf4 Ra3+ 45. Kg2 Ra4 46. Bg3 Rae4
47. Kf3 R4e6 48. Rxe6 Rxe6 49. Kg4 f6 50. Rd7 Ra6 51. Bf4 Ra4 52. Kg3 Ra3+ 53.
Be3 fxg5 54. hxg5 Ra5 55. Kg4 Ra4+ 56. f4 Ra5 57. Bb6 Rf5 58. Kf3 Rb5 59. Bc7
Rb3+ 60. Ke4 Rb4+ 61. Kd3 Rb3+ 62. Kc4 Rc3+ 63. Kb5 Rc2 64. Kb6 Rc4 65. Kb7 Bb2
66. Bd6 Bg7 67. Kb6 Rc1 68. Kb5 Rc2 69. Bc5 Rc1 70. Bd6 Rc2 71. Re7 Rc1 72. Be5
Bxe5 73. fxe5 Kf8 74. Re6 Kf7 75. Rf6+ Ke7 76. Rxg6 Re1 77. Kc4 Rxe5 78. Kd4
Ra5 79. Ke4 Kf7 80. Rf6+ Kg7 81. Kf4 Ra4+ 82. Kf5 Ra5+ 83. Kg4 Ra1 84. Rf3 Kg6
85. Rf6+ Kg7 86. Rf3 Kg6 87. Rf6+ 1/2-1/2

[Event "AICF-AAI Cup 2012"]
[Site "New Delhi IND"]
[Date "2012.12.22"]
[Round "2"]
[White "Wojtaszek, R."]
[Black "Alekseev, Evgeny"]
[Result "1-0"]
[WhiteElo "2734"]
[BlackElo "2691"]
[PlyCount "77"]
[EventDate "2012.12.21"]

1. d4 Nf6 2. c4 e6 3. Nc3 Bb4 4. Qc2 O-O 5. a3 Bxc3+ 6. Qxc3 d6 7. Bg5 Nbd7 8.
f3 e5 9. e4 c5 10. dxe5 Nxe5 11. h4 h6 12. Bf4 Qe7 13. O-O-O a6 14. g4 Bd7 15.
Ne2 Ne8 16. Ng3 Ng6 17. Be3 Qe5 18. Qe1 b5 19. g5 bxc4 20. Rd5 Qe7 21. gxh6 Ne5
22. f4 Ng4 23. hxg7 Nxg7 24. Rg5 f6 25. Bxc4+ Kh7 26. Qe2 Nxe3 27. Qxe3 Be6 28.
Bxe6 Qxe6 29. Rd5 Rab8 30. Rhd1 Rb6 31. Nh5 Rfb8 32. Nxg7 Kxg7 33. Rg1+ Kf7 34.
f5 Qe8 35. Rd2 Qh8 36. Qd3 Qh7 37. Qd5+ Kf8 38. Rdg2 Qh6+ 39. Kb1 1-0

[Event "AICF-AAI Cup 2012"]
[Site "New Delhi IND"]
[Date "2012.12.23"]
[Round "3"]
[White "Alekseev, Evgeny"]
[Black "Negi, P."]
[Result "1-0"]
[WhiteElo "2691"]
[BlackElo "2641"]
[PlyCount "109"]
[EventDate "2012.12.21"]

1. e4 c5 2. Nf3 d6 3. d4 cxd4 4. Qxd4 Nf6 5. Bb5+ Nbd7 6. Nc3 g6 7. Bg5 Bg7 8.
O-O-O h6 9. Bxf6 Bxf6 10. e5 Bg7 11. Qe3 O-O 12. exd6 exd6 13. Rxd6 Qc7 14.
Rhd1 Nf6 15. h3 Be6 16. Ba4 Kh7 17. Kb1 a6 18. Bb3 Bxb3 19. axb3 Rad8 20. Qb6
Qxb6 21. Rxb6 Rxd1+ 22. Nxd1 Rd8 23. Ne3 Rd7 24. Ne5 Rc7 25. c3 Ne4 26. f4 Bxe5
27. fxe5 Kg7 28. Nc4 Rd7 29. Kc2 g5 30. b4 h5 31. b5 axb5 32. Rxb5 g4 33. e6
fxe6 34. Rxh5 gxh3 35. Rxh3 b5 36. Re3 Nc5 37. Na3 b4 38. cxb4 Na6 39. b5 Nc7
40. Kb3 Kf6 41. Rf3+ Kg5 42. Kc4 e5 43. Rd3 Re7 44. b6 e4 45. Rb3 Ne8 46. Kd4
Nd6 47. Kd5 Nb7 48. Nc4 Kf4 49. g3+ Kg4 50. Re3 Kf5 51. Nd6+ Nxd6 52. Kxd6 Re6+
53. Kc7 Re7+ 54. Kc6 Re6+ 55. Kb5 1-0

[Event "AICF-AAI Cup 2012"]
[Site "New Delhi IND"]
[Date "2012.12.23"]
[Round "3"]
[White "Gupta, Ab"]
[Black "Wojtaszek, R."]
[Result "1/2-1/2"]
[WhiteElo "2662"]
[BlackElo "2734"]
[PlyCount "92"]
[EventDate "2012.12.21"]

1. d4 Nf6 2. c4 e6 3. g3 c5 4. d5 exd5 5. cxd5 d6 6. Nc3 g6 7. Bg2 Bg7 8. Nf3
O-O 9. O-O Re8 10. Bf4 a6 11. a4 Nh5 12. Bg5 Qc7 13. Rc1 Nd7 14. b4 b6 15. Qd2
Bb7 16. Bh6 Bh8 17. h3 Rac8 18. b5 Nhf6 19. Ng5 axb5 20. Nxb5 Qb8 21. Qf4 Re5
22. e4 Ba6 23. Qh4 Bxb5 24. axb5 Ree8 25. f4 c4 26. Bf3 Qc7 27. Kg2 c3 28. Bg4
Qc4 29. Bxd7 Nxd7 30. f5 Nf6 31. fxg6 hxg6 32. Bg7 Qe2+ 33. Kh1 Bxg7 34. Rxf6
Rc7 35. Qh7+ Kf8 36. Qxg6 Bxf6 37. Qxf6 c2 38. Qxd6+ Ree7 39. Qf4 Kg8 40. d6
Red7 41. e5 Rc4 42. Qf5 Qd1+ 43. Kg2 Qd2+ 44. Kf3 Qd1+ 45. Kg2 Qd2+ 46. Kf3
Qd1+ 1/2-1/2

[Event "AICF-AAI Cup 2012"]
[Site "New Delhi IND"]
[Date "2012.12.23"]
[Round "3"]
[White "Sasikiran, K."]
[Black "Korobov, A."]
[Result "0-1"]
[WhiteElo "2676"]
[BlackElo "2702"]
[PlyCount "94"]
[EventDate "2012.12.21"]

1. d4 Nf6 2. c4 e6 3. Nf3 b6 4. g3 Bb7 5. Bg2 Be7 6. O-O O-O 7. Re1 Na6 8. Nc3
Ne4 9. Nxe4 Bxe4 10. Ne5 Bxg2 11. Kxg2 c5 12. d5 Qc7 13. Nf3 exd5 14. cxd5 d6
15. h4 Qd7 16. Bf4 b5 17. Qd2 c4 18. h5 h6 19. e4 Nc5 20. Nd4 Nd3 21. Re3 Nxf4+
22. gxf4 Bf6 23. Nf5 Rfe8 24. Qc2 Rac8 25. Rg3 Kh8 26. Rg1 b4 27. Kh2 Rg8 28.
f3 c3 29. b3 Qc7 30. R1g2 Qb6 31. Kh3 a5 32. Rg1 Bd4 33. R1g2 Be3 34. Rg4 Bd2
35. e5 dxe5 36. fxe5 Qb5 37. Rd4 Qf1 38. Nd6 Qxf3+ 39. Rg3 Qf1+ 40. Kh2 Qe2+
41. Kh3 Rc7 42. Nc4 Qf1+ 43. Rg2 Qf3+ 44. Rg3 Qh1+ 45. Kg4 g6 46. Rxd2 gxh5+
47. Kf5 Rxg3 0-1

[Event "AICF-AAI Cup 2012"]
[Site "New Delhi IND"]
[Date "2012.12.24"]
[Round "4"]
[White "Gupta, Ab"]
[Black "Negi, P."]
[Result "1/2-1/2"]
[WhiteElo "2662"]
[BlackElo "2641"]
[PlyCount "207"]
[EventDate "2012.12.21"]

1. d4 Nf6 2. c4 g6 3. Nc3 d5 4. Bg5 Bg7 5. Bxf6 Bxf6 6. cxd5 c5 7. dxc5 Nd7 8.
e4 O-O 9. Bd3 Nxc5 10. Nge2 e6 11. O-O exd5 12. exd5 Qb6 13. Rb1 Nxd3 14. Qxd3
Bf5 15. Ne4 Be5 16. Kh1 Rfd8 17. f4 Bd4 18. N2c3 Rac8 19. Rbd1 Bg7 20. Rd2 Bxc3
21. bxc3 Qa6 22. Qxa6 bxa6 23. Nf2 Rxc3 24. g4 Bd7 25. Kg2 Rc4 26. Kf3 Rc3+ 27.
Kg2 Kg7 28. g5 Bc6 29. Rfd1 Rxd5 30. Rxd5 Rc5 31. Kg3 Bxd5 32. a3 h6 33. h4 h5
34. Rd3 Kf8 35. f5 gxf5 36. Kf4 Ke7 37. Rd4 Be6 38. Nd3 Ra5 39. Nb4 Rxa3 40.
Nc6+ Kf8 41. g6 f6 42. Rd6 Ra4+ 43. Kf3 Ba2 44. Rxf6+ Kg7 45. Rd6 Rxh4 46. Nd4
Bb1 47. Ne6+ Kxg6 48. Nf4+ Kf7 49. Rxa6 Be4+ 50. Ke3 Rh1 51. Rxa7+ Kf6 52. Ra6+
Kg5 53. Rg6+ Kh4 54. Rg8 Rf1 55. Ng2+ Bxg2 56. Rxg2 Kh3 57. Rg5 h4 58. Ke2 Rf4
59. Ke3 Re4+ 60. Kf3 Re5 61. Rg1 Kh2 62. Rg2+ Kh1 63. Ra2 Rb5 64. Ra4 Rb3+ 65.
Kf2 Rb2+ 66. Kf1 Rb1+ 67. Kf2 Rb2+ 68. Kf1 h3 69. Rf4 Rb5 70. Kf2 Kh2 71. Rf3
Rb2+ 72. Kf1 f4 73. Ra3 Rb1+ 74. Kf2 Rg1 75. Ra8 Rg2+ 76. Kf3 Rb2 77. Ra7 Rg2
78. Ra8 Rc2 79. Ra7 Rc1 80. Kf2 Kh1 81. Ra8 Rc2+ 82. Kf3 Rb2 83. Ra1+ Kh2 84.
Ra8 Rb1 85. Kf2 Rg1 86. Ra7 Kh1 87. Ra8 Rg2+ 88. Kf3 Rg7 89. Kf2 Rb7 90. Ra1+
Kh2 91. Ra8 Rb1 92. Ra7 Kh1 93. Ra8 Rb2+ 94. Kf3 Rg2 95. Kxf4 Rg7 96. Kf3 Kg1
97. Ra1+ Kh2 98. Ra2+ Kh1 99. Ra8 h2 100. Kf2 Rf7+ 101. Kg3 Kg1 102. Ra1+ Rf1
103. Rxf1+ Kxf1 104. Kxh2 1/2-1/2

[Event "AICF-AAI Cup 2012"]
[Site "New Delhi IND"]
[Date "2012.12.24"]
[Round "4"]
[White "Sasikiran, K."]
[Black "Alekseev, Evgeny"]
[Result "1/2-1/2"]
[WhiteElo "2676"]
[BlackElo "2691"]
[PlyCount "149"]
[EventDate "2012.12.21"]

1. d4 Nf6 2. c4 e6 3. g3 Bb4+ 4. Bd2 Be7 5. Bg2 d5 6. Nf3 O-O 7. O-O c6 8. Qc2
b6 9. Rd1 Nbd7 10. Bf4 Bb7 11. Ne5 Nh5 12. Bd2 Nhf6 13. cxd5 cxd5 14. Nc6 Bxc6
15. Qxc6 Rc8 16. Qb5 Nb8 17. Nc3 Nc6 18. e3 Na5 19. Qe2 Nc4 20. Be1 Qd7 21.
Rac1 b5 22. b3 Na3 23. Bf1 a6 24. Qb2 Rc6 25. Bd3 Rfc8 26. Ne2 b4 27. Rxc6 Rxc6
28. Rc1 a5 29. f3 Bd8 30. Rxc6 Qxc6 31. Qc1 Qxc1 32. Nxc1 Ne8 33. Ne2 Kf8 34.
Kg2 g6 35. g4 Nd6 36. e4 dxe4 37. fxe4 Ndb5 38. Kf3 Bb6 39. Bf2 Ke8 40. Be3 Kd7
41. h4 Na7 42. h5 N3b5 43. h6 Nc7 44. Bc1 Ncb5 45. Bb2 Bd8 46. d5 Bg5 47. Bg7
Nc7 48. Bc4 Nc8 49. Nf4 Ne7 50. dxe6+ Nxe6 51. Bb5+ Nc6 52. Nxe6 fxe6 53. e5
Kc7 54. Ke4 Ne7 55. Bc4 Kd7 56. Bb5+ Kc7 57. Be8 Kd8 58. Bf7 Kd7 59. Kd4 Nd5
60. Kc5 Nc3 61. Kb6 a4 62. Ka5 axb3 63. axb3 Nd5 64. Bf8 Ne3 65. Bxg6 Nxg4 66.
Bxh7 Bxh6 67. Bxb4 Nxe5 68. Kb5 Nc6 69. Bc5 Ne7 70. Be4 Nd5 71. Kc4 Bd2 72.
Bxd5 exd5+ 73. Kxd5 Kc7 74. b4 Bxb4 75. Bxb4 1/2-1/2

[Event "AICF-AAI Cup 2012"]
[Site "New Delhi IND"]
[Date "2012.12.24"]
[Round "4"]
[White "Korobov, A."]
[Black "Wojtaszek, R."]
[Result "1-0"]
[WhiteElo "2702"]
[BlackElo "2734"]
[PlyCount "155"]
[EventDate "2012.12.21"]

1. d4 Nf6 2. c4 e6 3. Nf3 b6 4. a3 Bb7 5. Nc3 d5 6. cxd5 Nxd5 7. e3 g6 8. Bb5+
c6 9. Bd3 Bg7 10. O-O O-O 11. e4 Nxc3 12. bxc3 c5 13. Bg5 Qd7 14. dxc5 bxc5 15.
Qe2 Qc7 16. Rfc1 Nd7 17. Qe3 Rab8 18. h4 c4 19. Bc2 Nc5 20. Rab1 f6 21. Bf4 e5
22. Bg3 h5 23. Rd1 Ba6 24. Rxb8 Rxb8 25. Rd5 Rc8 26. Ne1 Bb7 27. Rd1 Bf8 28.
Kh2 Ne6 29. Ba4 Bc6 30. Bxc6 Qxc6 31. Nc2 Nc5 32. Rd5 Qa4 33. Qe2 Qb3 34. Ne3
Qxc3 35. Nxc4 Ne6 36. Ne3 Qc6 37. Ra5 Bc5 38. Nd5 Kf7 39. Ra6 Bb6 40. a4 Qc4
41. Qf3 Nf4 42. Rxb6 Nxd5 43. Rb7+ Rc7 44. Rxc7+ Nxc7 45. Bxe5 Ne8 46. a5 a6
47. Bc3 Ke7 48. Qe3 Nc7 49. f3 Nb5 50. Be1 Nd4 51. Bf2 Ne6 52. Qa7+ Qc7+ 53.
Qxc7+ Nxc7 54. g4 Ke6 55. Kg3 Nb5 56. Kf4 Nd6 57. Bd4 hxg4 58. Kxg4 Nf7 59. Bc3
Nd6 60. Kg3 Nc4 61. Kf2 f5 62. Ke2 fxe4 63. fxe4 Nd6 64. Kd3 Nb5 65. Bb4 Kd7
66. Kc4 Kc6 67. Be1 Na3+ 68. Kd3 Nb5 69. Bb4 Kd7 70. Kc4 Kc6 71. Bd2 Kd6 72.
Bf4+ Kc6 73. Bg3 Kd7 74. Kd5 Nc3+ 75. Ke5 Ke7 76. Be1 Ne2 77. Bb4+ Kf7 78. Kd5
1-0

[Event "World Cities Champ, Al Ain (UAE)"]
[Site "Al-Ain UAE"]
[Date "2012.12.22"]
[Round "1"]
[White "Tomashevsky, Evgeny"]
[Black "Lenic, Luka"]
[Result "1/2-1/2"]
[WhiteElo "2725"]
[BlackElo "2637"]
[PlyCount "65"]
[EventDate "2012.12.22"]
[WhiteTeam "Saratov"]
[BlackTeam "Ptuj"]

1. d4 d5 2. c4 c6 3. Nf3 Nf6 4. Nc3 dxc4 5. a4 Bf5 6. Ne5 Nbd7 7. Nxc4 Qc7 8.
g3 e5 9. dxe5 Nxe5 10. Bf4 Nfd7 11. Bg2 f6 12. O-O Be6 13. Nxe5 Nxe5 14. a5 a6
15. Qc2 Rd8 16. Ne4 Rd5 17. Bd2 Rb5 18. b4 Be7 19. Rab1 Qc8 20. Rfc1 Nc4 21.
Qd3 Nxd2 22. Qxd2 Qd7 23. Qxd7+ Kxd7 24. Nc5+ Bxc5 25. Rxc5 Kc7 26. Be4 h6 27.
Bd3 Rxc5 28. bxc5 Rd8 29. Rb4 Rd5 30. Rc4 Rd7 31. Rb4 Rd5 32. Rc4 Rd7 33. Rb4
1/2-1/2

[Event "World Cities Champ, Al Ain (UAE)"]
[Site "Al-Ain UAE"]
[Date "2012.12.22"]
[Round "1"]
[White "Moiseenko, Alexander"]
[Black "Wallis, Christopher"]
[Result "1-0"]
[WhiteElo "2710"]
[BlackElo "2283"]
[PlyCount "89"]
[EventDate "2012.12.22"]
[WhiteTeam "Lviv"]
[BlackTeam "Canberra"]

1. d4 d5 2. c4 c6 3. Nf3 Nf6 4. Nc3 e6 5. Bg5 h6 6. Bxf6 Qxf6 7. e3 Nd7 8. Bd3
dxc4 9. Bxc4 g6 10. O-O Bg7 11. Qc2 O-O 12. Bb3 Qe7 13. Ne4 e5 14. Ng3 Kh8 15.
Rad1 f5 16. dxe5 Nxe5 17. Nxe5 Bxe5 18. Rd3 c5 19. Rfd1 b5 20. Bd5 Rb8 21. b3
Ba6 22. Bf3 Rf7 23. Rd7 Qxd7 24. Rxd7 Rxd7 25. Qxc5 Bxg3 26. hxg3 Rbd8 27. Qe5+
Kh7 28. Qf6 Rd6 29. Qf7+ Kh8 30. Qxa7 R8d7 31. Qc5 Kg7 32. Bc6 Rd1+ 33. Kh2 Rf7
34. Be8 Rb7 35. Qe5+ Kh7 36. Qf6 Rg7 37. Qxa6 b4 38. Qe2 Ra1 39. Qb2 Rd1 40. a4
bxa3 41. Qxa3 Rd2 42. f3 Rc7 43. Qa6 g5 44. Qg6+ Kh8 45. Bf7 1-0

[Event "World Cities Champ, Al Ain (UAE)"]
[Site "Al-Ain UAE"]
[Date "2012.12.22"]
[Round "1"]
[White "Fressinet, Laurent"]
[Black "Darini, Pouria"]
[Result "1-0"]
[WhiteElo "2700"]
[BlackElo "2522"]
[PlyCount "165"]
[EventDate "2012.12.22"]
[WhiteTeam "Paris"]
[BlackTeam "Tehran"]

1. d4 Nf6 2. c4 g6 3. Nc3 d5 4. cxd5 Nxd5 5. e4 Nxc3 6. bxc3 Bg7 7. Qa4+ Nd7 8.
Nf3 O-O 9. Be2 c5 10. O-O a6 11. Qa3 Qc7 12. Bg5 Nf6 13. e5 Ne4 14. Bh4 Bf5 15.
Rfe1 Rfe8 16. Bf1 b5 17. Rad1 Qb7 18. d5 b4 19. cxb4 cxb4 20. Qa5 Nc3 21. Rd4
Rec8 22. h3 e6 23. d6 Nd5 24. Bc4 Qa7 25. Bxd5 exd5 26. Rxb4 Be4 27. Qb6 Qd7
28. Qb7 Ra7 29. Qxd7 Rxd7 30. Be7 h6 31. Ra4 Ra7 32. h4 Rc3 33. Nd4 Rb7 34. f3
Bd3 35. Ra5 Bb5 36. Nxb5 axb5 37. Ra8+ Kh7 38. Bf6 d4 39. Bxg7 Kxg7 40. Rd8 Rc5
41. e6 fxe6 42. Rxe6 Kf7 43. Re4 Rd5 44. Kf1 Kf6 45. Re7 Rxd6 46. Rxd6+ Kxe7
47. Rxg6 Rb8 48. Rxh6 Rc8 49. Ra6 Rc1+ 50. Ke2 Rc2+ 51. Kd3 Rxg2 52. Kxd4 Rh2
53. Kc5 Rxh4 54. Kxb5 Rh2 55. Kc4 Rd2 56. Ra3 Kf7 57. Kc3 Rd5 58. Rb3 Ra5 59.
a3 Ra7 60. Kb2 Ke6 61. Rd3 Ra8 62. Kb3 Rb8+ 63. Kc4 Ra8 64. Kb3 Rb8+ 65. Kc2
Ra8 66. Kb2 Ke5 67. Rb3 Kf4 68. Rb4+ Kxf3 69. a4 Ke3 70. Kc3 Rc8+ 71. Rc4 Ra8
72. Rh4 Rc8+ 73. Kb4 Rb8+ 74. Kc5 Ra8 75. Kb6 Rg8 76. a5 Rg6+ 77. Kb5 Rg5+ 78.
Ka4 Rg6 79. Rh5 Kd4 80. Kb5 Rg1 81. a6 Rg7 82. Rh4+ Kd5 83. Ra4 1-0

[Event "World Cities Champ, Al Ain (UAE)"]
[Site "Al-Ain UAE"]
[Date "2012.12.22"]
[Round "1"]
[White "Giri, Anish"]
[Black "El Gindy, Essam"]
[Result "1-0"]
[WhiteElo "2720"]
[BlackElo "2486"]
[PlyCount "139"]
[EventDate "2012.12.22"]
[WhiteTeam "Hoogeveen"]
[BlackTeam "Cairo"]

1. Nf3 c5 2. c4 Nf6 3. Nc3 e6 4. d4 cxd4 5. Nxd4 a6 6. g3 Be7 7. Bg2 O-O 8. O-O
d6 9. b3 Qc7 10. Bb2 Nc6 11. Rc1 Nxd4 12. Qxd4 Rb8 13. Qa7 Bd7 14. Rfd1 Rfc8
15. Qd4 Rd8 16. h3 Qa5 17. Qd2 Kf8 18. Qf4 Bc6 19. Bxc6 bxc6 20. Na4 Qh5 21.
Bxf6 gxf6 22. Qg4 Qxg4 23. hxg4 Kg7 24. Kg2 Rh8 25. Rh1 Kg6 26. e4 h5 27. Rh4
f5 28. exf5+ exf5 29. gxh5+ Rxh5 30. Rd4 Rhh8 31. Nb2 Rhd8 32. Nd3 a5 33. c5
dxc5 34. Ne5+ Kf6 35. Rxd8 Rxd8 36. Nxc6 Rd2 37. a4 Rd3 38. Nxa5 Ke6 39. Kf1
Rd2 40. Re1+ Kd7 41. Nc4 Ra2 42. Re5 f4 43. gxf4 f6 44. Re2 Ra1+ 45. Re1 Ra2
46. f5 Bd8 47. Rd1+ Kc7 48. Kg2 Rc2 49. Rd3 Be7 50. Ne3 Rc1 51. Nd5+ Kd6 52.
Kf3 Rh1 53. Ke4 Re1+ 54. Re3 Rd1 55. Nxe7 Kxe7 56. Rd3 Rc1 57. Kd5 c4 58. bxc4
Ra1 59. Rb3 Rxa4 60. c5 Ra2 61. Rb7+ Kd8 62. f4 Ra4 63. Ke6 Rc4 64. Rd7+ Ke8
65. Rd5 Rxf4 66. Kxf6 Rc4 67. Ke6 Rc1 68. f6 Re1+ 69. Re5 Rc1 70. c6 1-0

[Event "World Cities Champ, Al Ain (UAE)"]
[Site "Al-Ain UAE"]
[Date "2012.12.23"]
[Round "2"]
[White "Shyam, Nikil P"]
[Black "Tomashevsky, Evgeny"]
[Result "0-1"]
[WhiteElo "2431"]
[BlackElo "2725"]
[PlyCount "124"]
[EventDate "2012.12.22"]
[WhiteTeam "Chennai"]
[BlackTeam "Saratov"]

1. d4 Nf6 2. c4 e6 3. Nc3 Bb4 4. e3 c5 5. Bd3 Nc6 6. Nf3 Bxc3+ 7. bxc3 d6 8.
O-O e5 9. Nd2 O-O 10. d5 Ne7 11. Qc2 Ng6 12. f3 Bd7 13. Rb1 b6 14. Rf2 Qc8 15.
h3 Ne8 16. f4 f5 17. g3 Nf6 18. Nf1 Qe8 19. Qd1 Qf7 20. Nh2 Rae8 21. Bc2 exf4
22. exf4 Ne4 23. Rf3 Re7 24. Re3 Rfe8 25. Qe1 h6 26. Rb2 Qf6 27. Nf1 h5 28. h4
Qf7 29. Bd3 Nf6 30. Rbe2 Ng4 31. Rxe7 Rxe7 32. Be3 Qe8 33. Qc1 Nf8 34. Re1 Nh7
35. Bd2 Rxe1 36. Bxe1 Nhf6 37. Kg2 Kf8 38. Qd2 g6 39. Qc1 Ba4 40. Qd2 Ke7 41.
Qe2+ Kd8 42. Qxe8+ Kxe8 43. Nd2 Kd7 44. Bf2 Kc7 45. Kf1 Nh6 46. Ke2 Nf7 47. Be1
Nd8 48. Nb3 Nb7 49. Kd2 a6 50. Bc2 Be8 51. Bd3 b5 52. Kc2 bxc4 53. Bxc4 Bb5 54.
Bxb5 axb5 55. c4 bxc4 56. Nd2 Nxd5 57. Nxc4 Kc6 58. a4 Nb6 59. Nb2 Nd7 60. Bc3
d5 61. Be5 Nd8 62. Nd1 Nf7 0-1

[Event "World Cities Champ, Al Ain (UAE)"]
[Site "Al-Ain UAE"]
[Date "2012.12.23"]
[Round "2"]
[White "Papaioannou, Ioannis"]
[Black "Moiseenko, Alexander"]
[Result "1-0"]
[WhiteElo "2618"]
[BlackElo "2710"]
[PlyCount "91"]
[EventDate "2012.12.22"]
[WhiteTeam "Athens"]
[BlackTeam "Lviv"]

1. d4 Nf6 2. c4 e6 3. g3 d5 4. Bg2 dxc4 5. Nf3 Nc6 6. Qa4 Bb4+ 7. Bd2 Nd5 8.
Bxb4 Ndxb4 9. Nc3 Bd7 10. O-O a5 11. Qb5 Nxd4 12. Qxc4 Nxf3+ 13. Bxf3 Bc6 14.
Rfd1 Qe7 15. a3 Nd5 16. Nxd5 exd5 17. Bxd5 Bxd5 18. Rxd5 c6 19. Rd4 O-O 20.
Rad1 Rfd8 21. e3 g6 22. h4 h5 23. Qb3 Kg7 24. Qd3 Rxd4 25. Qxd4+ Kg8 26. Qb6
Kg7 27. Rd2 Ra6 28. Qb3 a4 29. Qc3+ Kg8 30. Rd4 Ra8 31. Qc2 Qf6 32. Rf4 Qe5 33.
Rb4 Ra7 34. Re4 Qf6 35. Re8+ Kh7 36. Qc5 b6 37. Qxb6 Rd7 38. Re4 Rd2 39. Rf4
Qe6 40. Qb4 Rc2 41. Qf8 f5 42. Rb4 Qd7 43. Rd4 Qb7 44. Rd8 Rc1+ 45. Kh2 Qg7 46.
Qd6 1-0

[Event "World Cities Champ, Al Ain (UAE)"]
[Site "Al-Ain UAE"]
[Date "2012.12.23"]
[Round "2"]
[White "Ssegwanyi, Arthur"]
[Black "Vachier-Lagrave, Maxime"]
[Result "0-1"]
[WhiteElo "2222"]
[BlackElo "2711"]
[PlyCount "70"]
[EventDate "2012.12.22"]
[WhiteTeam "Kampala"]
[BlackTeam "Paris"]

1. e4 c5 2. Nf3 e6 3. d4 cxd4 4. Nxd4 a6 5. Bd3 Bc5 6. Nb3 Be7 7. O-O d6 8. f4
Nd7 9. a4 b6 10. Qe1 Qc7 11. Nc3 Ngf6 12. Qg3 O-O 13. Bd2 Bb7 14. Rae1 Rad8 15.
Qh3 Rfe8 16. Kh1 d5 17. exd5 exd5 18. Bf5 Nc5 19. Nd4 Nce4 20. Nxe4 dxe4 21.
Bc3 h6 22. Ne2 e3 23. Be5 Qc5 24. Nc3 Rd2 25. Rg1 Qc6 26. Bd3 Bc5 27. Re2 Qd7
28. Bf5 Qd8 29. Bd3 Bd4 30. Qf5 Bc8 31. Bxf6 Bxf5 32. Bxd8 Bxd3 33. cxd3 Bxc3
34. Rxe3 Rxe3 35. bxc3 Rb2 0-1